Rozpoznaj piłkarza po opisie #1 (Medium level) - Statystyki

Ogólne statystyki
  • Ten quiz został rozwiązany 919 razy
  • Średni wynik to 9 z 12
Statystyki odpowiedzi
Hint Odpowiedź % Poprawnych
Były piłkarz min.: Ajaxu Amsterdam czy Liverpoolu, który podczas MŚ w 2010 roku wibił piłkę ręką z lini bramkowej dzięki czemu uratował swoją reprezentacje gdyż ich przeciwnik nie trafił rzutu karnego przez co przeszli dalej. Suarez
92%
Polski piłkarz, który pewnego razu podczas udzielania wywiadu odpowiedział dziennikarzowi na pytanie : "Fatalny to ty jesteś. Następne pytanie prosze" Kucharczyk
87%
Piłkarz który mówi o sobie w 3-osobie. Strzelił przepiękną bramkę przewrotką z około 30 metrów przeciwko Anglii w eliminacjach do mistrzostw europy. Ibrahimovic
81%
Bramkarz który stał między słupkami Arsenalu w pamiętnym meczu przeciwko Manchesterowi United wygranym przez czerowne diabły 8:2. Zawodnik ten podczs gry dla kanonierów był dwukrotnie wypożyczany a następnie przeszedł do klubu gdzie w bramce zastąpił włoską legendę. Szczęsny
81%
Senegalski piłkarz, który w sezonie 2013/14 wykorzystując błąd pewnego piłkarza pozbawił Liverpool mistrzostwa Anglii Demba Ba
80%
Wychowanek evertonu angielskiego pochodzenia. W 2011 podczas derbów Manchesteru popisał się kapitalnym strzałem po którym usłyszeliśmy słynny komentarz: "Matko boska co za bramka przecież to jest wogóle niepojęte. Takich goli nawet na treningu się nie strzela a co dopiero w meczach i to tak ważnych". Rooney
77%
Piłkarz który przez wielu uważąny jest za zmarnowany talent. Podczas gry dla The Citizens po strzelonej bramce pokazał napis na podkoszulku "Why Always Me". Mówił że nie celebruje bramek dlatego że jest to jego praca. Balotelli
73%
Pomocnik który rozpoczął swoją karierę w cardiff city. Następnie przeszedł do jednego z klubów z północnego Londynu skąd niedługo przeniesie się do Mistrza włoch 2018/19 za darmo. Ramsey
67%
Napastnik pochodzący z jednego z krajów Ameryki Południwej. Prawie całą swoją karierę spędził w lidze niemieckiej w której przez bardzo długi czas był najskuteczniejszym obcokrajowcem w historii tych rozgrywek. W tej statystyce ostatnio przeskoczył go Robert Lewandowski Pizarro
64%
Napastnik który swoją seniorską karierę rozpoczął w Warcie Poznań. Od 2005 do 2010 roku występował w 6 anglieskich klubach min. w Southampton, Boltonie czy Tottenhamie gdzie został ogłoszony najgorszym transferem w historii klubu. Rasiak
59%
Były angielski piłkarz, który podczas meczu swojej reprezentacji na MŚ w 1990r. zrobił kupę na boisku Lineker
56%
Zawodnik, który przez całą swoją karierę występował dla jednego klubu w którym rozegrał aż 647 meczów Maldini
51%
Nie znaleziono quizów pasujących do podanych kryteriów
Rozkład punktacji
Procent ludzi z każdym wynikiem
Percentyl według liczby udzielonych odpowiedzi
Twoja historia wyników
Nie rozwiązałeś tego quizu